000 00641nam a22002537a 4500
003 UA-OsUOA
001 31533
007 ta
008 20041223b un ||||| |||| 00| 0 ukr d
100 _aРыжов Костянтин
090 _a94(3)
_bР93
942 _cBK
040 _aUA-OsUOA
_brus
_cUA-OsUOA
_dUA-OsUOA
245 _aВсе монархи мира. Греция. Рим. Византия
_bЭнциклопедия
300 _a656 с.
955 _a0
041 _arus
080 _a94(3)
020 _a5-7837-0342-1
260 _aМосква
_bВече
_c2001
044 _aRU
650 7 _2UDC
999 _c317961
_d317961